000 00647nam a22002057a 4500
003 0
005 20230912125659.0
008 230912b xxu||||| |||| 00| 0 eng d
020 _a978-1-5013-8515-5
050 _aPN 1995.9
_b.M35 2023
100 _aMcLane, Betsy A.
245 _aA new history of documentary film
_cBetsy A. McLane
250 _aThird edition
260 _aNew York
_bBloomsbury Academic
_cc2022.
300 _axvii, 443 pages :
_bb&w, ill. ;
_c23cm.
500 _aDocumentary film -- History.
504 _aIncludes bibliographical references and index.
650 _aDocumentary film -- History.
942 _2lcc
_cBK
999 _c365281
_d365281